Le pouvoir du social

Enregistré dans:
Détails bibliographiques
Auteur principal: Fournier, Jacques
Format: Livre
Langue:Undetermined
Publié: Paris Presses Universitaires de France 1979
Sujets:
Tags: Ajouter un tag
Pas de tags, Soyez le premier à ajouter un tag!
Thư viện lưu trữ: Trung tâm Học liệu Trường Đại học Cần Thơ
LEADER 00531nam a2200193Ia 4500
001 CTU_81769
008 210402s9999 xx 000 0 und d
082 |a 361.61 
082 |b F777 
100 |a Fournier, Jacques 
245 0 |a Le pouvoir du social 
245 0 |c Jacques Fournier 
260 |a Paris 
260 |b Presses Universitaires de France 
260 |c 1979 
650 |a France,Political socialization 
650 |x Social policy 
904 |i Trọng Hải 
980 |a Trung tâm Học liệu Trường Đại học Cần Thơ